00867cam a22002414a 450000100090000000300040000900500170001300800410003001000170007102000150008804000180010304200080012105000250012908200170015410000310017124501350020225000120033726001120034930000340046150400640049565000260055965000400058512609596OSt20160715120810.0011205s2002 coua b 001 0 eng  a 2001058624 a0970945507 aDLCcDLCdDLC apcc00aLB3060.82b.R44 200200a379.1/582211 aReeves, Douglas B.,d1953-10aMaking standards work :bhow to implement standards-based assessments in the classroom, school, and district /cDouglas B. Reeves. a3rd ed. aDenver, CO :bAdvanced Learning Press,a[s.l.] :bDistributed by Center for Performance Assessment,cc2002. axii, 300 p. :bill. ;c29 cm. aIncludes bibliographical references (p. 291-293) and index. 0aEducationxStandards. 0aEducational tests and measurements.